Краткая история биологии: пер. с англ.

গ্রন্থ-পঞ্জীর বিবরন
প্রধান লেখক: Азимов А. Айзек
ভাষা:রুশ
প্রকাশিত: Москва, Мир, 1967
মালা:В мире науки и техники
বিষয়গুলি:
বিন্যাস: গ্রন্থ
KOHA link:https://koha.lib.tpu.ru/cgi-bin/koha/opac-detail.pl?biblionumber=288048

MARC

LEADER 00000nam0a2200000 4500
001 288048
005 20260304125224.0
035 |a (RuTPU)RU\TPU\book\312494 
090 |a 288048 
100 |a 20150320d1967 k y0rusy50 ca 
101 1 |a rus  |c eng 
102 |a RU 
105 |a a z 001zy 
200 1 |a Краткая история биологии  |e пер. с англ.  |f А. Азимов 
210 |a Москва  |c Мир  |d 1967 
215 |a 175 с.  |c ил. 
225 1 |a В мире науки и техники 
320 |a Библиогр.: с. 173. 
606 |a Биологическая наука  |x История  |9 89201 
610 1 |a биология 
610 1 |a Древний мир 
610 1 |a средние века 
610 1 |a живой мир 
610 1 |a клетка 
610 1 |a эволюция 
610 1 |a генетика 
610 1 |a витализм 
610 1 |a нервная система 
610 1 |a кровь 
610 1 |a обмен веществ 
610 1 |a молекулярная биология 
675 |a 57(09)  |v 3 
700 1 |a Азимов  |b А.  |c американский писатель-фантаст  |f 1920-1992  |g Айзек  |3 (RuTPU)RU\TPU\pers\36273  |9 19349 
801 1 |a RU  |b 63413507  |c 20150320 
801 2 |a RU  |b 63413507  |c 20190726  |g RCR 
942 |c BK